| 000 | 01210nas a2200409 4500 | ||
|---|---|---|---|
| 001 | BR2014004536 | ||
| 003 | BR-BrBNA | ||
| 005 | 20231205124300.0 | ||
| 007 | ta | ||
| 008 | 230509b bl.|||p| |||| 00| 00por d | ||
| 040 |
_aBR-BrBNA _bpor _cBiblioteca Nacional de Agricultura |
||
| 041 | _a(Pt) | ||
| 072 | _aL73; L70 | ||
| 100 | 1 | _aMotta, D.A. | |
| 100 | 1 | _aYamasaki, L. | |
| 100 | 1 | _aSaches, O.C. | |
| 100 | 1 | _aGiuffrida, R. | |
| 100 | 1 | _aCândido, E.R. | |
| 100 | 1 | _aPereira, C.S.G. | |
| 100 | 1 | _aGóes, J.E. | |
| 100 | 1 | _aRocha, T.L.A. | |
| 100 | 1 | _aSilva, D.A. | |
| 100 | 1 | _aSilva, M.C.A. | |
| 100 | 1 | _aBasso, K.M. | |
| 100 | 1 | _aAndrade, S.F. | |
| 245 | 1 | _aComparação entre dois protocolos de tratamento de ceratoconjuntivite seca experimentalmente induzida em coelhos | |
| 650 | _aCOELHO | ||
| 650 | _aOLHO | ||
| 650 | _aCONJUNTIVITE | ||
| 650 | _aBACTERIA | ||
| 650 | _aHISTOPATOLOGIA ANIMAL | ||
| 650 | _aTRATAMENTO | ||
| 650 | _aANÁLISE COMPARATIVA | ||
| 773 | 0 |
_tArquivo Brasileiro de Medicina Veterinária e Zootecnia (Brazil) _xISSN 0102-0935 _g(Feb 2014), v. 66(1) p. 47-54 _wBR2014004536 |
|
| 909 |
_a202311 _bLúcia _c55 _dLúcia Elande |
||
| 942 |
_2AGRIS _n0 _cANA |
||
| 999 |
_c238278 _d238278 |
||